000 00638nam a2200217 a 4500
001 000013074
005 20240530073916.0
008 091120s2002 dr a 000 f spa d
020 _a9993461482
040 _aDO-SdBNP
_bspa
_cBNPHU
082 _aRD863.5
_bS237s
100 1 _aSantos, Gerald de los,
_930207
245 1 0 _aSueños de un galardón /
_cGerald de los Santos.
260 _aSanto Domingo :
_bBúho,
_c2002.
300 _a93 p. :
_bil. ;
_c22 cm.
500 _aIncluye glosario
650 0 _aNovela dominicana
_9223
650 0 _aLiteratura dominicana.
_967
910 _aValidado. Control de calidad BNPHU
049 _aBNPD
999 _c12716
_d12716